000 00551nam a2200193Ia 4500
005 20250508162900.0
008 008 250505s9999 xx 000 0 eng d
037 _aTextual
040 _aFEDL
_beng
_cFEDL
041 _aeng
_2eng
084 _a370, PRE
_qFEDL
100 _aPrem Kirpal
_959287
245 0 _aEducation and international cultural cooperation
260 _aNew Delhi, India
_bVikas Publishing House Pvt. Ltd.
_c1991
300 _a295p.
650 _aEducation
942 _cTEXL
_h370, PRE
999 _c1379223
_d1379223